Human rights as govt-given rights?: a theoretical analysis of Thailand's national human rights action plan

Since the adoption of the Vienna Declaration and Programme of Action in 1993, national human rights plans have become a widely used tool for countries to assess and address their human rights situations. Despite the proliferation of these policy instruments, research on their drafting processes and...

Ausführliche Beschreibung

Gespeichert in:  
Bibliographische Detailangaben
VerfasserInnen: Chokprajakchat, Srisombat (Verfasst von) ; Techagaisiyavanit, Wanaporn (Verfasst von)
Medienart: Elektronisch Aufsatz
Sprache:Englisch
Veröffentlicht: 2025
In: Human rights review
Jahr: 2025, Band: 26, Heft: 1/2, Seiten: 29-54
Online-Zugang: Volltext (lizenzpflichtig)
Volltext (lizenzpflichtig)
Verfügbarkeit prüfen: HBZ Gateway
Schlagwörter:

MARC

LEADER 00000caa a2200000 c 4500
001 1931986738
003 DE-627
005 20251002083143.0
007 cr uuu---uuuuu
008 250729s2025 xx |||||o 00| ||eng c
024 7 |a 10.1007/s12142-025-00738-x  |2 doi 
035 |a (DE-627)1931986738 
035 |a (DE-599)KXP1931986738 
040 |a DE-627  |b ger  |c DE-627  |e rda 
041 |a eng 
084 |a 2,1  |2 ssgn 
100 1 |a Chokprajakchat, Srisombat  |e VerfasserIn  |0 (DE-588)1147522588  |0 (DE-627)1006268200  |0 (DE-576)187954496  |4 aut 
109 |a Chokprajakchat, Srisombat 
245 1 0 |a Human rights as govt-given rights?  |b a theoretical analysis of Thailand's national human rights action plan  |c Srisombat Chokprajakchat, Wanaporn Techagaisiyavanit 
264 1 |c 2025 
300 |b Illustrationen 
336 |a Text  |b txt  |2 rdacontent 
337 |a Computermedien  |b c  |2 rdamedia 
338 |a Online-Ressource  |b cr  |2 rdacarrier 
500 |a Literaturverzeichnis: Seite 52-54 
520 |a Since the adoption of the Vienna Declaration and Programme of Action in 1993, national human rights plans have become a widely used tool for countries to assess and address their human rights situations. Despite the proliferation of these policy instruments, research on their drafting processes and their impact on the meaning of human rights remains limited. This study provides a theoretical analysis of Thailand's National Human Rights Action Plan (NHRAP), focusing on its latest drafting experience through the lens of the deliberative school of thought. By comparing the NHRAP’s outcome with the Universal Periodic Review (UPR) recommendations and international reports, the study evaluates the extent to which Thailand's human rights protections respond to global concerns. The findings highlight shortcomings in the deliberative process of the NHRAP’s drafting. We argue that because the concept of “agreed rights” is central to the deliberative school, human rights in practice will continue to face limited protection in the absence of meaningful structural reforms. 
650 4 |a National human rights plan drafting 
650 4 |a Theory of human rights 
650 4 |a Deliberative Democracy 
650 4 |a Agreed rights 
650 4 |a Discrimination of rights and freedom 
650 4 |a Thailand 
700 1 |a Techagaisiyavanit, Wanaporn  |e VerfasserIn  |0 (orcid)0000-0003-4444-3359  |4 aut 
773 0 8 |i Enthalten in  |t Human rights review  |d Dordrecht : Springer, 1999  |g 26(2025), 1/2, Seite 29-54  |h Online-Ressource  |w (DE-627)320607771  |w (DE-600)2020969-1  |w (DE-576)109633938  |x 1874-6306  |7 nnas 
773 1 8 |g volume:26  |g year:2025  |g number:1/2  |g pages:29-54 
856 4 0 |u https://doi.org/10.1007/s12142-025-00738-x  |x Resolving-System  |z lizenzpflichtig  |3 Volltext  |7 1 
856 4 0 |u https://link.springer.com/article/10.1007/s12142-025-00738-x  |x Verlag  |z lizenzpflichtig  |3 Volltext  |7 1 
951 |a AR 
ELC |a 1 
LOK |0 000 xxxxxcx a22 zn 4500 
LOK |0 001 4779764882 
LOK |0 003 DE-627 
LOK |0 004 1931986738 
LOK |0 005 20251002083127 
LOK |0 008 251002||||||||||||||||ger||||||| 
LOK |0 040   |a DE-2619  |c DE-627  |d DE-2619 
LOK |0 092   |o n 
LOK |0 852   |a DE-2619 
LOK |0 852 1  |9 00 
LOK |0 939   |a 02-10-25  |b l01 
ORI |a SA-MARC-krimdoka001.raw